Nenne die "Marvel"-Schauspieler - Statistiken

Allgemein
  • Dieses Quiz wurde 268 mal gespielt
  • Das Durchschnittsergebnis liegt bei 22 aus 52
Antwortstatistiken
Hint Antwort % Korrekt
Iron Man / Tony Stark Robert Downey JR
96%
Thor Odinson Chris Hemsworth
92%
Spider-Man / Peter Parker Tom Holland
90%
Captain America / Steve Rodgers Chris Evans
88%
Black Widow / Natasha Romanoff Scarlett Johansson
88%
Dr. Strange / Steven Strange Benedict Cumberbatch
81%
Spider-Man / Peter Parker Andrew Garfield
74%
Star-Lord / Peter Quill Chris Pratt
69%
Hulk / Bruce Banner (ab Avengers) Mark Ruffalo
69%
Nick Fury Samuel L. Jackson
69%
Scarlet Witch / Wanda Maximoff Elizabeth Olsen
67%
Hawkeye / Clint Barton Jeremy Renner
64%
MJ / Michelle Jones-Watson Zendaya
64%
Loki Laufeyson Tom Hiddleston
63%
Deadpool / Wade Wilson Ryan Reynolds
62%
Groot (Stimme) Vin Diesel
60%
Spider-Man / Peter Parker Tobey Maguire
58%
Wolverine / James Logan Howlett Hugh Jackman
53%
Winter Soldier / Bucky Barnes Sebastian Stan
50%
Ant-Man / Scott Lang Paul Rudd
47%
The Falcon / Sam Wilson Anthony Mackie
42%
Black Panther / T'Challa Chadwick Boseman
42%
Pepper Potts Gwyneth Paltrow
38%
Mighty Thor / Jane Foster Natalie Portman
38%
Venom / Eddy Brock Tom Hardy
37%
Captain Marvel / Carol Danvers Brie Larson
34%
Gamora Zoe Saldana
34%
Drax, der Zerstörer Dave Bautista
33%
Hulk / Bruce Banner Edward Norton
33%
Wong Benedict Wong
31%
Rocket (Stimme) Bradley Cooper
30%
Maria Hill Cobie Smulders
29%
Thanos Josh Brolin
28%
Vision / Jarvis Paul Bettany
26%
Heimdall Idris Elba
24%
War Machine / James Rhodes Don Cheadle
23%
Happy / Harold Hogan Jon Favreau
22%
Professor X / Charles Xavier Patrick Stewart
22%
Quicksilver / Petro Maximoff Aaron Taylor-Johnson
21%
The Wasp / Janet van Dyne Evangeline Lilly
19%
Magneto / Erik Magnus Ian McKellen
18%
Valkyrie Tessa Thompson
18%
Odin Borson Anthony Hopkins
17%
Gambit / Remy LeBeau Channing Tatum
17%
Nebula Karen Gillan
17%
Black Panther / Shuri Letitia Wright
15%
Mantis (Avengers Endgame) Pom Klementieff
15%
Kraglin Obfonteri Sean Gunn
12%
Phil Coulsen Clark Gregg
9%
Shang-Chi Simu Liu
9%
Blade / Eric Cross-Brooks Wesley Snipes
9%
Mantis (Guardians of the Galaxy) Jennifer Hale
3%
Keine übereinstimmenden Quizze gefunden
Verteilung der Resultate
Anzahl Personen mit jedem Resultat
Perzentil nach korrekt beantworteten Fragen
Ihre Resultats-Entwicklung
Sie haben dieses Quiz noch nicht gespielt